000
00325nam a2200145Ia 4500
008
210210b1923 xxu||||| |||| 00| 0 eng d
041
_a
eng
082
_a
425/253
100
_a
RALEGIH (W)
245
_a
Style
260
_a
London
_b
Edward Arnold
_c
1923
650
_a
Style
690
_a
English Language
906
_a
006029
999
_c
129010
_d
129010